Construction of integration formulas for initial value problems /

Guardado en:
Autor Principal: Houwen, P. J. van der 1939-
Formato: Libro
Idioma:English
Publicado: Amsterdam : North-Holland Pub. Co, 1977.
Series:North-Holland series in applied mathematics and mechanics ; v. 19
Materias:
Etiquetas: Agregar Etiqueta
Sin Etiquetas, Sea el primero en etiquetar este registro!
LEADER 00951cam a22002535a 4500
001 EIQ.libpla000172
008 760819s1977####ne#a#####b####001#0#eng#d
005 20060509184015.0
245 1 0 |a Construction of integration formulas for initial value problems /  |c P. J. van der Houwen. 
260 |a Amsterdam :  |b North-Holland Pub. Co,  |c 1977. 
300 |a xi, 269 p. :  |b il. ;  |c 23 cm. 
490 0 |a North-Holland series in applied mathematics and mechanics ;  |v v. 19 
504 |a Bibliografía: p. [261]-266. 
500 |a Incluye índice. 
020 |a 0720423724 
100 1 |a Houwen, P. J. van der  |q (Pieter Jacobus),  |d 1939- 
082 0 0 |a 515/.624 
650 4 |a Problemas de valor inicial  |x Fórmulas. 
650 4 |a Integración numérica  |x Fórmulas. 
650 4 |a Initial value problems  |x Formula 
650 4 |a Numerical integration  |x Formula 
010 |a  76041294  
040 |a DLC  |c DLC  |d AR-BbSID 
859 |a AR-BbSID  |b BIB. PLAPIQUI  |h 515.624  |i Vand 28  |p 1412